| 000 | 00618nam a22002172 4500 | ||
|---|---|---|---|
| 001 | 0000005406 | ||
| 005 | 20151217152004.0 | ||
| 008 | 070613s xx 000 0 eng d | ||
| 020 |
_a1843340534 : _cKES 5,460 |
||
| 040 |
_aKABU _cKABU |
||
| 050 | 0 |
_aZA3157 _b.P67 |
|
| 100 | 1 |
_aPorter, Kirby. _@0000156718 |
|
| 245 | 1 | 0 | _aSetting up a new library and information service. |
| 260 |
_aOxford : _bChandos, _c2003. |
||
| 300 | _axi, 164 p. | ||
| 650 | 0 |
_aLibraries. _@0000156719 |
|
| 650 | 0 |
_aInformation service. _@0000156716 |
|
| 908 | _a070613 | ||
| 950 | _@1 | ||
| 999 |
_c7041 _d7041 |
||